|
|
|
|
| LEADER |
00000nam0a2200000 4500 |
| 001 |
81666 |
| 005 |
20260407144126.0 |
| 010 |
|
|
|a 5170065515
|
| 035 |
|
|
|a (RuTPU)RU\TPU\book\87775
|
| 090 |
|
|
|a 81666
|
| 100 |
|
|
|a 20050922d2003 m y0rusy50 ca
|
| 101 |
1 |
|
|a rus
|c eng
|
| 102 |
|
|
|a RU
|
| 105 |
|
|
|a y z 000ay
|
| 200 |
1 |
|
|a Дорожные работы
|e [18+]
|e [НЕЗАКОННОЕ ПОТРЕБЛЕНИЕ НАРКОТИЧЕСКИХ СРЕДСТВ, ПСИХОТРОПНЫХ ВЕЩЕСТВ, ИХ АНАЛОГОВ ПРИЧИНЯЕТ ВРЕД ЗДОРОВЬЮ, ИХ НЕЗАКОННЫЙ ОБОРОТ ЗАПРЕЩЁН И ВЛЕЧЕТ УСТАНОВЛЕННУЮ ЗАКОНОДАТЕЛЬСТВОМ ОТВЕТСТВЕННОСТЬ]
|e роман
|f С. Кинг
|
| 210 |
|
|
|a Москва
|c АСТ
|d 2003
|
| 215 |
|
|
|a 351 с.
|
| 330 |
|
|
|a В обычном маленьком городке живет обычный человек, медленно, но верно погружающийся в пучину черной ненависти к себе и окружающим. Нужен всего лишь повод, чтобы ненависть выплеснулась на волю потоком хлещущей крови. И когда повод находится, обычного человека, ставшего убийцей, уже не остановить... Читайте «Дорожные работы» — и вам станет по-настоящему страшно!
|
| 610 |
1 |
|
|a американская литература
|
| 610 |
1 |
|
|a романы
|
| 610 |
1 |
|
|a ужасы
|
| 610 |
1 |
|
|a триллеры
|
| 675 |
|
|
|a 82
|v 3
|
| 700 |
|
1 |
|a Кинг
|b С.
|c Бахман Ричард
|g Стивен
|
| 801 |
|
1 |
|a RU
|b 63413507
|c 20050922
|g PSBO
|
| 801 |
|
2 |
|a RU
|b 63413507
|c 20051010
|g PSBO
|
| 830 |
|
|
|a *изданиеподлежащеемаркировке
|
| 942 |
|
|
|c BK
|